Ο Montaigne και το δοκίμιο : ο άνθρωπος και οι ιδέες, η γέννηση και τα χαρακτηριστικά του είδους, άλλα συναφή είδη
Αποθηκεύτηκε σε:
| Κύριος συγγραφέας: | |
|---|---|
| Μορφή: | Βιβλίο |
| Γλώσσα: | Greek |
| Δημοσίευση: |
Αθήνα :
Κάλβος,
1981
|
| Θέματα: | |
| Ετικέτες: |
Προσθήκη ετικέτας
Δεν υπάρχουν, Καταχωρήστε ετικέτα πρώτοι!
|
MARC
| LEADER | 00000nam a2200000 i 4500 | ||
|---|---|---|---|
| 001 | 1/96829 | ||
| 008 | 950119s1981 gre d | ||
| 035 | |l 10010329 | ||
| 040 | |a GR-MY-UA |b gre |e aacr | ||
| 041 | 0 | |a gre | |
| 082 | 0 | |a 109 | |
| 100 | 1 | |a Νάκας, Θανάσης |d 1949- | |
| 245 | 1 | 2 | |a Ο Montaigne και το δοκίμιο : |b ο άνθρωπος και οι ιδέες, η γέννηση και τα χαρακτηριστικά του είδους, άλλα συναφή είδη / |c Θανάσης Νάκας |
| 260 | |a Αθήνα : |b Κάλβος, |c 1981 | ||
| 300 | |a 246 σ. | ||
| 600 | 1 | 0 | |a Montaigne Michel de |d 1533-1592. |
| 650 | 0 | 0 | |a Philosophy. |
| 852 | |a INST |b LESVOS |e 19950119 |h 109 ΝΑΚ |p 005100003207 |q 005100003207 |t BK |y 0 | ||
| 909 | |a Λ |b 026295 | ||